000 00503nam a2200193Ia 4500
005 20250508151546.0
008 008 250505s9999 xx 000 0 eng d
037 _aReference
040 _aFEDL
_beng
_cFEDL
041 _aeng
_2eng
084 _a155.4, JER
_qFEDL
100 _aJersild Arthur T
245 0 _aChild psychology
250 _a4th
260 _aLondon, UK
_bStaples Press Limited
_c1954
300 _axii,676p.
942 _cREF
_h155.4, JER
999 _c1330622
_d1330622